000 01039nam a22003377a 4500
001 0003135
003 KOHA_MİRAKIL
005 20260207001329.0
007 ta
008 090320b2007 tu |||gr||||#||||0|tur |
020 _a9789754827330
_cTL0,01
040 _aTR-BiSEU
_btur
_cTR-BiSEU
_erda
041 0 _atur
044 _ctu
050 _aTP248.2
_b.T819 2007
245 0 _aTüketiciler ve modern biyoteknoloji :
_bmodel yaklaşımlar/
_cyazarlar Özlen Özgen ... [ve bşk.].
264 1 _aAnkara :
_bAnkara Üniversitesi Biyoteknoloji Enstitüsü
_c2007
300 _a254 sayfa
336 _ametin
_btxt
_2rdacontent
337 _aaracısız
_bn
_2rdamedia
338 _acilt
_bnc
_2rdacarrier
490 1 _aAnkara Üniversitesi.
490 1 _aBiyoteknoloji Enstitüsü yayınları ;
_vno.
490 1 _a1.
500 _aKaynakça var.
650 0 _aBiyoteknoloji.
_92224
830 1 _aAnkara Üniversitesi.
_96714
830 1 _aBiyoteknoloji Enstitüsü yayınları ;
_vno.
_97941
830 1 _a1.
_92570
942 _2lcc
_cBK
999 _c3119
_d3119